00710nam a2200241 i 4500001000300000100002700003245005600030260003400086300002100120504001400141650001500155650002200170020001500192040000800207041000700215080001600222920001800238942000700256008004100263999001700304856009800321952004900419bg1 aZABIEROWSKI, Mirosław10aWszechświat i człowiek /cMirosław Zabierowski. aWrocław :bWydaw. PW,c1993. a140 s. ;c24 cm. aPrzypisy. 9aKosmologia 9aFizykaxfilozofia a8370850707 cBPK0 apl a524.8:11:53 a83-7085-070-7 cKS s pl f |000 0 pol  c30306d30306 uhttp://koha.tu.koszalin.pl/cgi-bin/koha/opac-detail.pl?biblionumber=30306yKatalog online BPK 00104070aBPKbBPKcwo36947p01040630yKS